Knowledge management a novela norem ISO 9000:2000

Problematika efektívneho riadenia znalostí. V novele ISO 9000:2000 pre oblasť podnikových systémov riadenia kvality je táto problematika obsiahnutá v kapitole 6 - Manažment zdrojov. Riadenie znalostí a intelektuálny kapitál. Podnikový manažment a riadenie znalostí, Charakteristika niektorých zo zákl...

Description complète

Enregistré dans:
Détails bibliographiques
Auteur principal: Petříková, Růžena
Format: Chapitre de livre
Langue:tchèque
Sujets:
Tags: Ajouter un tag
Pas de tags, Soyez le premier à ajouter un tag!

MARC

LEADER 00000naa a2200000 4500
001 r043033
005 20231002070003.5
041 0 |a cze 
044 |a SK 
245 1 0 |a Knowledge management a novela norem ISO 9000:2000  |c Růžena Petříková 
520 |a Problematika efektívneho riadenia znalostí. V novele ISO 9000:2000 pre oblasť podnikových systémov riadenia kvality je táto problematika obsiahnutá v kapitole 6 - Manažment zdrojov. Riadenie znalostí a intelektuálny kapitál. Podnikový manažment a riadenie znalostí, Charakteristika niektorých zo základných atribútov KM - knowledge managementu. 
610 2 0 |a riadenie znalostí 
610 2 0 |a pojmy 
610 2 0 |a vedomosti 
610 2 0 |a informácie 
610 2 0 |a intelektualizácia 
610 2 0 |a riadenie podnikové 
610 2 0 |a potenciál ľudský 
610 2 0 |a činiteľ ľudský 
610 2 0 |a riadenie kvality 
610 2 0 |a ISO 9000:2000 
100 1 |a Petříková, Růžena